Регионална библиотека "Любен Каравелов" - Русе

Баба Яга (Запис номер 521500)

MARC детайли
000 -Лидер
Лидер 00808nam a2200265 a 4500
003 - Код на организацията, давaща контролен номер
Код на организацията, даваща контролен номер BLK
005 - Дата и час на последна редакция
Дата и час на последна редакция 20250705131914.0
007 - Фиксирано поле за физическо описани
Физическо описание ta
008 - Елементи от данни с фиксирана дължина
Елементи с фиксирана дължина 221104b bu |||||r|||| 00| | bu d
020 ## - Международен стандартен номер на книга ISBN
ISBN 9789543614240
040 ## - Източник на каталожния запис
Код на библиотеката BLK
041 ## - Код за език
Език Български
Език за КДБФ Български
080 ## - УДК
9 (RLIN) 234031
УДК текст Литература на отделни езици и езикови семейства
УДК код 821
УДК – определител -93-34
УДК – код + определител 821-93-34
084 ## - Класификационен индекс по друга класификация
Авторски знак Ба - Б 12
245 ## - Сведения за заглавието
Заглавие Баба Яга
260 ## - Област на издателските данни
9 (RLIN) 214073
Място на издаване София
Име на издателя Посоки
Година на издаване 2019
300 ## - Физическа характеристика
Брой страници 64 с.
Илюстрации с цв. ил.
Размер 23 см
380 ## - Жанр
Жанр Детска худож. лит.
490 ## - СЕРИИ (Колекции)
9 (RLIN) 207137
Серия Любими детски приказки
Номер в серията 6
852 ## - Местоположение
Отдел Детски отдел
Систематично-азбучна сигнатура 821-93/Б 12
856 ## - Електронен адрес и достъп
Инструкция (цена за достъп) 0.00
Права за достъп disable
942 ## - АРТИКУЛИ
Вид на библиотечния документ Книги
Скрит в OPAC Не
Koha issues (borrowed), all copies 4
944 ## - СЪЗДАВАНЕ И РЕДАКЦИЯ на ЗАПИСА
Дата на регистрацията/редакция Кети Илиева
Служител, извършил регистрацията/редакцията 30531
Номер на служител Цветелина Шанова
999 ## - СИСТЕМНИ КОНТРОЛНИ НОМЕРА
Koha biblionumber 521500
Koha biblioitemnumber 521500
999 ## - СИСТЕМНИ КОНТРОЛНИ НОМЕРА
Koha biblioitemnumber 521500
Наличности
Код за отписване Код за изгубен артикул Източник на класификационната схема Код за повреда Код за отдаване Артикулен № Име на библиотеката - собственик Име на библиотеката, в която се намира в момента Статус (Текущо местоположение) Дата на вписване в системата Местоположение - отдел Цена в лева Инвентарен номер Систематично азбучна сигнатура Баркод Цена в евро Служебен тип на артикула
  Не е изгубен Universal Decimal Classification Не е повреден заемане за дома 954546 Регионална библиотека "Любен Каравелов" Русе Регионална библиотека "Любен Каравелов" Русе Детски отдел 2024-11-11 Детски отдел 6.50 120000915198 821-93/Б 12 120000915198 3.32 Книги
Vip Innovations Ltd, Rousse, Bulgaria 2025